TÜRKÇE İNGİLİZCE AKSİLOPOEDİK SÖZLÜK (Record no. 1201915)

MARC details
000 -LEADER
sabit uzunluktaki kontrol alanı 00294nam a2200097Ia 4500
001 - KONTROL NUMARASI
kontrol alanı 1201915
005 - EN SON İŞLEMİN TARİH VE ZAMANI
kontrol alanı 20250827022640.0
008 - SABİT-UZUNLUKTA VERİ ÖĞELERİ--GENEL BİLGİ
sabit uzunluktaki kontrol alanı 250824s9999 xx 000 0 und d
245 #0 - ESER / YAZAR
ESER ADI TÜRKÇE İNGİLİZCE AKSİLOPOEDİK SÖZLÜK
Yazar Adı İRFAN UĞURLU
260 ## - YAYIN, DAĞITIM, VB.
YAYIN EVİ MİLLİ EĞİTİM BAKANLIĞI YAYINLARI
Holdings
Düşüm durumu Kayıp durumu Hasar Durumu Ödünç verilmez Ana kütüphane Geçerli Kütüphane Edinilen tarih Toplam ödünç verme sayısı Barkod Son görüntüleme tarihi Son ödünç verme tarihi Fiyatın geçerli olmaya başladığı tarih Koha materyal türü
        MAHMUT SAMİ RAZAMANOĞLU KIZ İMAM HATİP LİSESİ MAHMUT SAMİ RAZAMANOĞLU KIZ İMAM HATİP LİSESİ 24.08.2025 2 11003993 15.01.2026 02.01.2026 27.08.2025 Books